书目信息 |
| 题名: |
保险资金管理
|
|
| 作者: | 王国良 , 张洪涛 主编 | |
| 分册: | ||
| 出版信息: | 北京 中国人民大学出版社 2005 |
|
| 页数: | 261 | |
| 开本: | 23cm | |
| 丛书名: | 21世纪保险系列教材 | |
| 单 册: | ||
| 中图分类: | F840.32 | |
| 科图分类: | ||
| 主题词: | 保险 | |
| 电子资源: | ||
| ISBN: | 7-300-06407-8 | |
| 000 | 00667nam0 2200217 450 | |
| 001 | 0753815641 | |
| 005 | 20070930145655.64 | |
| 010 | @a7-300-06407-8@d¥20.00 | |
| 100 | @a20070930d km y0chiy0120 ea | |
| 101 | 0 | @achi |
| 200 | 1 | @a保险资金管理@Abao xian zi jin guan li@f张洪涛,王国良主编@Fzhang hong tao,wang guo liang zhu bian |
| 210 | @a北京@c中国人民大学出版社@d2005 | |
| 215 | @a261@d23cm | |
| 225 | 2 | @a21世纪保险系列教材 |
| 410 | 0 | @12001 @a21世纪保险系列教材 |
| 606 | 0 | @a保险 |
| 690 | @aF840.32@v3 | |
| 701 | 0 | @a王国良@Awang guo liang@4主编 |
| 701 | 0 | @a张洪涛@Azhang hong tao@4主编 |
| 801 | 0 | @aCN@bPFT@c20070930 |
| 905 | @a213230@dF840.32@eg103@f1 | |
| 保险资金管理/张洪涛,王国良主编.-北京:中国人民大学出版社,2005 |
| 261;23cm.-(21世纪保险系列教材) |
| ISBN 7-300-06407-8:¥20.00 |
| ● |
| 相关链接 |
|
|
|
|
正题名:保险资金管理
索取号:F840.32/g103
 
预约/预借
| 序号 | 登录号 | 条形码 | 馆藏地/架位号 | 状态 | 备注 |
| 1 | 6504193 | 265041938 | 密集书库-海洋学院/ [索取号:F840.32/g103] | 在馆 |